Экспериментальное исследование теплопроводности натрубных отложений поверхностей нагрева пылеугольных котлов: диссертация на соискание ученой степени кандидата технических наук; спец. 05.14.14; спец. 01.04.14

Dades bibliogràfiques
Autor principal: Раков Ю. Я. Юрий Яковлевич
Autor corporatiu: Томский политехнический университет
Altres autors: Кузьмин А. В. Ариан Валерьевич (научный руководитель)
Idioma:rus
Publicat: Томск, [Б. и.], 2007
Matèries:
Format: MixedMaterials Llibre
KOHA link:https://koha.lib.tpu.ru/cgi-bin/koha/opac-detail.pl?biblionumber=117188

MARC

LEADER 00000nbm0a2200000 4500
001 117188
005 20240115110939.0
035 |a (RuTPU)RU\TPU\book\126835 
090 |a 117188 
100 |a 20070531j20070525k y0rusy50 ca 
101 0 |a rus 
102 |a RU 
105 |a a m 001zy 
200 1 |a Экспериментальное исследование теплопроводности натрубных отложений поверхностей нагрева пылеугольных котлов  |e диссертация на соискание ученой степени кандидата технических наук  |e спец. 05.14.14  |e спец. 01.04.14  |f Ю. Я. Раков  |g Томский политехнический университет; науч. рук. А. В. Кузьмин 
210 |a Томск  |c [Б. и.]  |d 2007 
215 |a 205 л.  |c ил. 
320 |a Библиогр.: с. 136-144 (76 назв.). 
610 1 |a тепловые электрические станции 
610 1 |a пылеугольные котлы 
610 1 |a натрубные отложения 
610 1 |a теплопроводность 
610 1 |a определение 
610 1 |a имитационное моделирование 
610 1 |a золошлаковые отложения 
610 1 |a исследование 
610 1 |a диссертации 
675 |a 621.311.22.002.5:621.182(04)  |v 3 
686 |a 05.14.14  |2 oksvnk 
686 |a 01.14.14  |2 oksvnk 
700 1 |a Раков  |b Ю. Я.  |c доцент  |c кафедра атомных и тепловых электростанций Томского политехнического университета  |g Юрий Яковлевич  |3 (RuTPU)RU\TPU\pers\25984 
702 1 |a Кузьмин  |b А. В.  |c специалист в области теплоэнергетики  |c доцент Томского политехнического университета, кандидат технических наук  |f 1942-  |g Ариан Валерьевич  |3 (RuTPU)RU\TPU\pers\25529  |4 727  |9 11459 
712 0 2 |a Томский политехнический университет  |3 (RuTPU)RU\TPU\col\376 
801 1 |a RU  |b 63413507  |c 20070531  |g PSBO 
801 2 |a RU  |b 63413507  |c 20150428  |g PSBO 
942 |c BK